| 000 | 00719nam a2200217Ia 4500 | ||
|---|---|---|---|
| 005 | 20241129111034.0 | ||
| 008 | 241129s9999||||xx |||||||||||||| ||und|| | ||
| 020 | _a978-0-367-46119-5 | ||
| 037 | _aTB | ||
| 040 |
_aCRL _beng _cCRL |
||
| 041 |
_aeng _2eng |
||
| 084 |
_aP111 R2 _qCRL |
||
| 100 |
_aBuschfeld Sarah Ed.; Kautzsch Alexander Ed. _9723236 |
||
| 245 | 0 |
_aModelling world englishes: a joint approach to postcolonial and non-pstcolonial varieties _cBuschfeld Sarah Ed.; Kautzsch Alexander Ed. |
|
| 260 |
_aEdinburgh, UK _bUniversity Press _c2022 |
||
| 300 | _axii,428p. | ||
| 365 |
_aUKP _b24.99 |
||
| 650 |
_aLinguisticTranslating _9726243 |
||
| 942 |
_cTB _hP111 R2 |
||
| 999 |
_c1228654 _d1228654 |
||